[Event "Stay Safe Play From Home 424"]
[Site "Emanuel Lasker Arena"]
[Date "2020.08.31"]
[Round "7"]
[White "Gokerkan"]
[Black "NTBT_DHS"]
[Result "0-1"]
[WhiteElo "2639"]
[BlackElo "2551"]
[Annotator "RC"]
[PlyCount "146"]
[EventDate "2020.08.31"]
[EventType "swiss (blitz)"]

1. e4 {[%emt 0:00:00]} g6 {[%emt 0:00:01]} 2. d4 {[%emt 0:00:00]} Bg7 {[%emt 0:00:00]} 3. Nf3 {[%emt 0:00:00]} d6 {[%emt 0:00:00]} 4. Nc3 {[%emt 0:00:01]} Nf6 {[%emt 0:00:00]} 5. Be2 {[%emt 0:00:01]} O-O {[%emt 0:00:01]} 6. h3 {[%emt 0:00:00]} a6 {[%emt 0:00:00]} 7. a4 {[%emt 0:00:01]} b6 {[%emt 0:00:00]} 8. O-O {[%emt 0:00:01]} Bb7 {[%emt 0:00:00]} 9. Bd3 {[%emt 0:00:00]} Nc6 {[%emt 0:00:00]} 10. Re1 {[%emt 0:00:01]} e5 {[%emt 0:00:01]} 11. Be3 {[%emt 0:00:01]} Nd7 {[%emt 0:00:03]} 12. d5 {[%emt 0:00:01]} Ne7 {[%emt 0:00:01]} 13. a5 {[%emt 0:00:03]} b5 {[%emt 0:00:01]} 14. Na2 {[%emt 0:00:00]} c6 {[%emt 0:00:01]} 15. dxc6 {[%emt 0:00:03]} Nxc6 {[%emt 0:00:02]} 16. c4 {[%emt 0:00:00]} b4 {[%emt 0:00:02]} 17. Qa4 {[%emt 0:00:03]} Nc5 {[%emt 0:00:02]} 18. Bxc5 {[%emt 0:00:06]} dxc5 {[%emt 0:00:00]} 19. Rad1 {[%emt 0:00:00]} Qc7 {[%emt 0:00:02]} 20. Nc1 {[%emt 0:00:01]} Rad8 {[%emt 0:00:01]} 21. Nb3 {[%emt 0:00:01]} Nd4 {[%emt 0:00:03]} 22. Nbxd4 {[%emt 0:00:01]} exd4 {[%emt 0:00:00]} 23. Qc2 {[%emt 0:00:05]} Qxa5 {[%emt 0:00:01]} 24. e5 {[%emt 0:00:01]} Bxf3 {[%emt 0:00:01]} 25. gxf3 {[%emt 0:00:00]} Qc7 {[%emt 0:00:01]} 26. f4 {[%emt 0:00:02]} f6 {[%emt 0:00:02]} 27. e6 {[%emt 0:00:03]} Rfe8 {[%emt 0:00:01]} 28. f5 {[%emt 0:00:00]} gxf5 {[%emt 0:00:06]} 29. Bxf5 {[%emt 0:00:00]} Qf4 {[%emt 0:00:02]} 30. Bxh7+ {[%emt 0:00:01]} Kh8 {[%emt 0:00:01]} 31. Qe4 {[%emt 0:00:00]} Qh6 {[%emt 0:00:04]} 32. Bf5 {[%emt 0:00:01]} Bf8 {[%emt 0:00:03]} 33. Rd3 {[%emt 0:00:02]} Bd6 {[%emt 0:00:01]} 34. Kh1 {[%emt 0:00:03]} Rg8 {[%emt 0:00:00]} 35. Rg1 {[%emt 0:00:02]} Rxg1+ {[%emt 0:00:02]} 36. Kxg1 {[%emt 0:00:00]} Qc1+ {[%emt 0:00:01]} 37. Kg2 {[%emt 0:00:03]} Qg5+ {[%emt 0:00:01]} 38. Bg4 {[%emt 0:00:01]} Re8 {[%emt 0:00:00]} 39. Qf5 {[%emt 0:00:00]} Qxf5 {[%emt 0:00:01]} 40. Bxf5 {[%emt 0:00:00]} a5 {[%emt 0:00:00]} 41. b3 {[%emt 0:00:01]} Be5 {[%emt 0:00:02]} 42. Kf3 {[%emt 0:00:00]} Kg7 {[%emt 0:00:01]} 43. Ke4 {[%emt 0:00:00]} Kf8 {[%emt 0:00:00]} 44. f4 {[%emt 0:00:00]} Bd6 {[%emt 0:00:00]} 45. Rg3 {[%emt 0:00:01]} Re7 {[%emt 0:00:01]} 46. Rg6 {[%emt 0:00:01]} Rg7 {[%emt 0:00:01]} 47. Rxf6+ {[%emt 0:00:01]} Ke7 {[%emt 0:00:00]} 48. Rh6 {[%emt 0:00:00]} Bc7 {[%emt 0:00:01]} 49. Rh8 {[%emt 0:00:01]} Bd6 {[%emt 0:00:01]} 50. Ra8 {[%emt 0:00:01]} Bc7 {[%emt 0:00:01]} 51. Ra7 {[%emt 0:00:01]} Kd6 {[%emt 0:00:00]} 52. Ra6+ {[%emt 0:00:00]} Ke7 {[%emt 0:00:00]} 53. Kd5 {[%emt 0:00:00]} Kd8 {[%emt 0:00:00]} 54. Ra7 {[%emt 0:00:00]} Be5 {[%emt 0:00:01]} 55. Ra8+ {[%emt 0:00:00]} Ke7 {[%emt 0:00:00]} 56. Ra7+ {[%emt 0:00:00]} Kf8 {[%emt 0:00:01]} 57. Rxg7 {[%emt 0:00:00]} Bxg7 {[%emt 0:00:00]} 58. e7+ {[%emt 0:00:00]} Kxe7 {[%emt 0:00:00]} 59. Kxc5 {[%emt 0:00:00]} Bf6 {[%emt 0:00:00]} 60. Kb5 {[%emt 0:00:00]} d3 {[%emt 0:00:00]} 61. Bxd3 {[%emt 0:00:00]} Bd4 {[%emt 0:00:00]} 62. Kxa5 {[%emt 0:00:00]} Be3 {[%emt 0:00:00]} 63. Kxb4 {[%emt 0:00:00]} Bd2+ {[%emt 0:00:00]} 64. Kb5 {[%emt 0:00:00]} Bxf4 {[%emt 0:00:00]} 65. c5 {[%emt 0:00:00]} Be5 {[%emt 0:00:00]} 66. Kc6 {[%emt 0:00:00]} Kd8 {[%emt 0:00:00]} 67. b4 {[%emt 0:00:00]} Bc7 {[%emt 0:00:00]} 68. b5 {[%emt 0:00:00]} Be5 {[%emt 0:00:00]} 69. b6 {[%emt 0:00:00]} Kc8 {[%emt 0:00:00]} 70. Kb5 {[%emt 0:00:00]} Kb8 {[%emt 0:00:00]} 71. c6 {[%emt 0:00:00]} Bc7 {[%emt 0:00:00]} 72. Bf5 {[%emt 0:00:00]} Bd6 {[%emt 0:00:00]} 73. c7+ {[%emt 0:00:00]} Ka8 {[%emt 0:00:00] Time Time Time (Lag: Av=0.71s, max=1.9s) (Lag: Av=0.71s, max=1.9s) (Lag: Av=0.71s, max=1.9s)} 0-1

[Event "Stay Safe Play From Home 424"]
[Site "Emanuel Lasker Arena"]
[Date "2020.08.31"]
[Round "7"]
[White "IceQueen"]
[Black "Stefanone"]
[Result "1-0"]
[WhiteElo "2451"]
[BlackElo "1992"]
[PlyCount "99"]
[EventDate "2020.08.31"]
[EventType "swiss (blitz)"]

1. Nc3 {[%emt 0:00:01]} d5 {[%emt 0:00:00]} 2. e4 {[%emt 0:00:00]} c6 {[%emt 0:00:00]} 3. d4 {[%emt 0:00:01]} e6 {[%emt 0:00:01]} 4. Nf3 {[%emt 0:00:01]} f5 {[%emt 0:00:00]} 5. exf5 {[%emt 0:00:01]} exf5 {[%emt 0:00:00]} 6. Bf4 {[%emt 0:00:01]} Nf6 {[%emt 0:00:00]} 7. Ne5 {[%emt 0:00:00]} Bd6 {[%emt 0:00:01]} 8. f3 {[%emt 0:00:00]} O-O {[%emt 0:00:00]} 9. Qd2 {[%emt 0:00:00]} Qe7 {[%emt 0:00:00]} 10. O-O-O {[%emt 0:00:00]} Nbd7 {[%emt 0:00:00]} 11. Re1 {[%emt 0:00:00]} Bxe5 {[%emt 0:00:01]} 12. dxe5 {[%emt 0:00:00]} Ne8 {[%emt 0:00:01]} 13. h4 {[%emt 0:00:01]} Nc5 {[%emt 0:00:01]} 14. Bd3 {[%emt 0:00:02]} Ne6 {[%emt 0:00:00]} 15. g3 {[%emt 0:00:01]} Nxf4 {[%emt 0:00:01]} 16. gxf4 {[%emt 0:00:00]} Nc7 {[%emt 0:00:00]} 17. Reg1 {[%emt 0:00:01]} Kh8 {[%emt 0:00:01]} 18. h5 {[%emt 0:00:00]} Ne6 {[%emt 0:00:01]} 19. Ne2 {[%emt 0:00:02]} a5 {[%emt 0:00:02]} 20. Rg2 {[%emt 0:00:01]} Rf7 {[%emt 0:00:01]} 21. a3 {[%emt 0:00:01]} Bd7 {[%emt 0:00:01]} 22. Qe3 {[%emt 0:00:01]} Rg8 {[%emt 0:00:02]} 23. h6 {[%emt 0:00:01]} g5 {[%emt 0:00:02]} 24. Rhg1 {[%emt 0:00:04]} b5 {[%emt 0:00:03]} 25. fxg5 {[%emt 0:00:03]} f4 {[%emt 0:00:02]} 26. Qb6 {[%emt 0:00:02]} Nxg5 {[%emt 0:00:04]} 27. Qxa5 {[%emt 0:00:03]} Bf5 {[%emt 0:00:03]} 28. Nxf4 {[%emt 0:00:03]} Bxd3 {[%emt 0:00:01]} 29. Nxd3 {[%emt 0:00:00]} Rf5 {[%emt 0:00:03]} 30. f4 {[%emt 0:00:01]} b4 {[%emt 0:00:04]} 31. Rxg5 {[%emt 0:00:03]} Rfxg5 {[%emt 0:00:01]} 32. Rxg5 {[%emt 0:00:01]} Rxg5 {[%emt 0:00:00]} 33. fxg5 {[%emt 0:00:00]} Qxg5+ {[%emt 0:00:00]} 34. Kb1 {[%emt 0:00:00]} Kg8 {[%emt 0:00:04]} 35. Qxb4 {[%emt 0:00:01]} Qxh6 {[%emt 0:00:01]} 36. Qg4+ {[%emt 0:00:02]} Kf7 {[%emt 0:00:01]} 37. Qd7+ {[%emt 0:00:01]} Kf8 {[%emt 0:00:01]} 38. Nc5 {[%emt 0:00:04]} Qh1+ {[%emt 0:00:02]} 39. Ka2 {[%emt 0:00:01]} Qh6 {[%emt 0:00:00]} 40. Ne6+ {[%emt 0:00:01]} Kg8 {[%emt 0:00:00]} 41. Qxc6 {[%emt 0:00:01]} Qg6 {[%emt 0:00:02]} 42. Qxd5 {[%emt 0:00:02]} Qf7 {[%emt 0:00:01]} 43. Nf4 {[%emt 0:00:01]} Qxd5+ {[%emt 0:00:02]} 44. Nxd5 {[%emt 0:00:00]} Kf7 {[%emt 0:00:00]} 45. c4 {[%emt 0:00:00]} Ke6 {[%emt 0:00:00]} 46. a4 {[%emt 0:00:01]} Kxe5 {[%emt 0:00:00]} 47. a5 {[%emt 0:00:00]} Kd6 {[%emt 0:00:01]} 48. a6 {[%emt 0:00:00]} Kc6 {[%emt 0:00:00]} 49. b4 {[%emt 0:00:01]} h5 {[%emt 0:00:02]} 50. b5+ {[%emt 0:00:00] Tempo Tempo Tempo (Lag: Av=0.38s, max=0.8s) (Lag: Av=0.38s, max=0.8s) (Lag: Av=0.38s, max=0.8s)} 1-0

[Event "Stay Safe Play From Home 424"]
[Site "Emanuel Lasker Arena"]
[Date "2020.08.31"]
[Round "7"]
[White "Mr bh6"]
[Black "eidgenosse"]
[Result "0-1"]
[WhiteElo "2373"]
[BlackElo "2447"]
[PlyCount "124"]
[EventDate "2020.08.31"]
[EventType "swiss (blitz)"]

1. b3 {[%emt 0:00:01]} d6 {[%emt 0:00:00]} 2. Bb2 {[%emt 0:00:00]} Nf6 {[%emt 0:00:00]} 3. g3 {[%emt 0:00:00]} g6 {[%emt 0:00:00]} 4. Bg2 {[%emt 0:00:00]} Bg7 {[%emt 0:00:00]} 5. Nf3 {[%emt 0:00:00]} O-O {[%emt 0:00:00]} 6. O-O {[%emt 0:00:00]} c5 {[%emt 0:00:00]} 7. c4 {[%emt 0:00:00]} Nc6 {[%emt 0:00:00]} 8. d4 {[%emt 0:00:01]} cxd4 {[%emt 0:00:00]} 9. Nxd4 {[%emt 0:00:01]} Bd7 {[%emt 0:00:00]} 10. Nxc6 {[%emt 0:00:01]} Bxc6 {[%emt 0:00:01]} 11. Nc3 {[%emt 0:00:00]} Bxg2 {[%emt 0:00:01]} 12. Kxg2 {[%emt 0:00:00]} Rc8 {[%emt 0:00:00]} 13. Rc1 {[%emt 0:00:02]} a6 {[%emt 0:00:01]} 14. Nd5 {[%emt 0:00:01]} Nxd5 {[%emt 0:00:01]} 15. Bxg7 {[%emt 0:00:00]} Ne3+ {[%emt 0:00:01]} 16. fxe3 {[%emt 0:00:00]} Kxg7 {[%emt 0:00:01]} 17. Qd4+ {[%emt 0:00:01]} Kg8 {[%emt 0:00:01]} 18. h4 {[%emt 0:00:02]} Rc5 {[%emt 0:00:01]} 19. Rf3 {[%emt 0:00:02]} Qc8 {[%emt 0:00:01]} 20. Rcf1 {[%emt 0:00:01]} Re5 {[%emt 0:00:01]} 21. g4 {[%emt 0:00:03]} Qe6 {[%emt 0:00:01]} 22. Rg3 {[%emt 0:00:03]} Re4 {[%emt 0:00:03]} 23. Qd5 {[%emt 0:00:01]} Rxg4 {[%emt 0:00:03]} 24. Qxe6 {[%emt 0:00:06]} Rxg3+ {[%emt 0:00:02]} 25. Kxg3 {[%emt 0:00:00]} fxe6 {[%emt 0:00:00]} 26. Rc1 {[%emt 0:00:00]} Rf5 {[%emt 0:00:01]} 27. b4 {[%emt 0:00:01]} Re5 {[%emt 0:00:01]} 28. Kf4 {[%emt 0:00:01]} Rf5+ {[%emt 0:00:01]} 29. Kg3 {[%emt 0:00:01]} Kf7 {[%emt 0:00:01]} 30. c5 {[%emt 0:00:01]} Rd5 {[%emt 0:00:01]} 31. Rc2 {[%emt 0:00:01]} Kf6 {[%emt 0:00:02]} 32. c6 {[%emt 0:00:02]} bxc6 {[%emt 0:00:01]} 33. Rxc6 {[%emt 0:00:00]} a5 {[%emt 0:00:01]} 34. Rc4 {[%emt 0:00:04]} axb4 {[%emt 0:00:02]} 35. Rf4+ {[%emt 0:00:01]} Ke5 {[%emt 0:00:02]} 36. Rxb4 {[%emt 0:00:01]} Rd2 {[%emt 0:00:01]} 37. a4 {[%emt 0:00:07]} Rxe2 {[%emt 0:00:01]} 38. Kf3 {[%emt 0:00:00]} Ra2 {[%emt 0:00:01]} 39. Re4+ {[%emt 0:00:00]} Kf6 {[%emt 0:00:01]} 40. Rf4+ {[%emt 0:00:00]} Ke5 {[%emt 0:00:01]} 41. Re4+ {[%emt 0:00:00]} Kf6 {[%emt 0:00:00]} 42. Rd4 {[%emt 0:00:00]} e5 {[%emt 0:00:01]} 43. Rb4 {[%emt 0:00:01]} Ke6 {[%emt 0:00:01]} 44. e4 {[%emt 0:00:01]} h5 {[%emt 0:00:02]} 45. Kg3 {[%emt 0:00:02]} Ra3+ {[%emt 0:00:01]} 46. Kg2 {[%emt 0:00:00]} Kf6 {[%emt 0:00:00]} 47. Kf2 {[%emt 0:00:01]} g5 {[%emt 0:00:00]} 48. hxg5+ {[%emt 0:00:00]} Kxg5 {[%emt 0:00:00]} 49. Rb7 {[%emt 0:00:00]} Kf6 {[%emt 0:00:01]} 50. Ra7 {[%emt 0:00:01]} h4 {[%emt 0:00:01]} 51. Kg2 {[%emt 0:00:02]} h3+ {[%emt 0:00:00]} 52. Kh2 {[%emt 0:00:00]} e6 {[%emt 0:00:00]} 53. a5 {[%emt 0:00:01]} d5 {[%emt 0:00:01]} 54. a6 {[%emt 0:00:00]} d4 {[%emt 0:00:01]} 55. Ra8 {[%emt 0:00:01]} d3 {[%emt 0:00:02]} 56. Rd8 {[%emt 0:00:01]} Rxa6 {[%emt 0:00:03]} 57. Rxd3 {[%emt 0:00:00]} Ra4 {[%emt 0:00:00]} 58. Rf3+ {[%emt 0:00:01]} Kg5 {[%emt 0:00:01]} 59. Kxh3 {[%emt 0:00:01]} Rxe4 {[%emt 0:00:00]} 60. Kg3 {[%emt 0:00:00]} Rf4 {[%emt 0:00:01]} 61. Re3 {[%emt 0:00:01] . . .} Kf5 {[%emt 0:00:00]} 62. Ra3 {[%emt 0:00:00]} e4 {[%emt 0:00:01]} 0-1

[Event "Stay Safe Play From Home 424"]
[Site "Emanuel Lasker Arena"]
[Date "2020.08.31"]
[Round "7"]
[White "Nguyen Hong Anh"]
[Black "Tran Minh Thang"]
[Result "0-1"]
[WhiteElo "2353"]
[BlackElo "2481"]
[PlyCount "124"]
[EventDate "2020.08.31"]
[EventType "swiss (blitz)"]

1. d4 {[%emt 0:00:03]} Nf6 {[%emt 0:00:02]} 2. c4 {[%emt 0:00:00]} g6 {[%emt 0:00:01]} 3. Nf3 {[%emt 0:00:00]} Bg7 {[%emt 0:00:01]} 4. g3 {[%emt 0:00:00]} O-O {[%emt 0:00:01]} 5. Bg2 {[%emt 0:00:00]} d5 {[%emt 0:00:00]} 6. cxd5 {[%emt 0:00:02]} Nxd5 {[%emt 0:00:01]} 7. O-O {[%emt 0:00:00]} Nb6 {[%emt 0:00:00]} 8. Nc3 {[%emt 0:00:00]} Nc6 {[%emt 0:00:00]} 9. d5 {[%emt 0:00:01]} Nb4 {[%emt 0:00:04]} 10. e4 {[%emt 0:00:01]} c5 {[%emt 0:00:03]} 11. a3 {[%emt 0:00:01]} Na6 {[%emt 0:00:01]} 12. Be3 {[%emt 0:00:01]} Nc4 {[%emt 0:00:01]} 13. Bc1 {[%emt 0:00:01]} Nb6 {[%emt 0:00:03]} 14. Qe2 {[%emt 0:00:01]} c4 {[%emt 0:00:01]} 15. Rd1 {[%emt 0:00:01]} Nc5 {[%emt 0:00:01]} 16. Be3 {[%emt 0:00:01]} Nd3 {[%emt 0:00:02]} 17. Rab1 {[%emt 0:00:02]} e6 {[%emt 0:00:05]} 18. dxe6 {[%emt 0:00:02]} Bxe6 {[%emt 0:00:01]} 19. Nd5 {[%emt 0:00:03]} Nxd5 {[%emt 0:00:01]} 20. exd5 {[%emt 0:00:01]} Bxd5 {[%emt 0:00:00]} 21. b3 {[%emt 0:00:01]} b5 {[%emt 0:00:03]} 22. a4 {[%emt 0:00:02]} a6 {[%emt 0:00:02]} 23. axb5 {[%emt 0:00:00]} axb5 {[%emt 0:00:00]} 24. Nd2 {[%emt 0:00:02]} Bxg2 {[%emt 0:00:01]} 25. Kxg2 {[%emt 0:00:01]} Qd5+ {[%emt 0:00:02]} 26. Kg1 {[%emt 0:00:01]} Ra2 {[%emt 0:00:02]} 27. bxc4 {[%emt 0:00:01]} bxc4 {[%emt 0:00:01]} 28. Qf3 {[%emt 0:00:04]} Qxf3 {[%emt 0:00:02]} 29. Nxf3 {[%emt 0:00:00]} Rc8 {[%emt 0:00:02]} 30. Rd2 {[%emt 0:00:04]} Rxd2 {[%emt 0:00:01]} 31. Bxd2 {[%emt 0:00:01]} c3 {[%emt 0:00:00]} 32. Be3 {[%emt 0:00:01]} c2 {[%emt 0:00:01]} 33. Rf1 {[%emt 0:00:01]} c1=Q {[%emt 0:00:01]} 34. Bxc1 {[%emt 0:00:01]} Rxc1 {[%emt 0:00:00]} 35. Rxc1 {[%emt 0:00:01]} Nxc1 {[%emt 0:00:00]} 36. Nd2 {[%emt 0:00:00]} Ne2+ {[%emt 0:00:01]} 37. Kf1 {[%emt 0:00:01]} Nd4 {[%emt 0:00:00]} 38. Ne4 {[%emt 0:00:00]} h6 {[%emt 0:00:00]} 39. Nd6 {[%emt 0:00:01]} Kf8 {[%emt 0:00:01]} 40. Nc4 {[%emt 0:00:00]} Ke7 {[%emt 0:00:00]} 41. Ne3 {[%emt 0:00:00]} Ke6 {[%emt 0:00:00]} 42. Nc4 {[%emt 0:00:01]} f5 {[%emt 0:00:00]} 43. Ne3 {[%emt 0:00:01]} g5 {[%emt 0:00:00]} 44. Ng2 {[%emt 0:00:01]} Nf3 {[%emt 0:00:01]} 45. h3 {[%emt 0:00:01]} h5 {[%emt 0:00:01]} 46. Ne3 {[%emt 0:00:01]} Bd4 {[%emt 0:00:01]} 47. Nc2 {[%emt 0:00:01]} Bc5 {[%emt 0:00:01]} 48. Kg2 {[%emt 0:00:01]} Nd4 {[%emt 0:00:02]} 49. Ne1 {[%emt 0:00:01]} Ke5 {[%emt 0:00:01]} 50. Nd3+ {[%emt 0:00:00]} Kd5 {[%emt 0:00:00]} 51. Nb2 {[%emt 0:00:01]} f4 {[%emt 0:00:01]} 52. Nd3 {[%emt 0:00:01]} f3+ {[%emt 0:00:00]} 53. Kg1 {[%emt 0:00:01]} Bd6 {[%emt 0:00:00]} 54. Ne1 {[%emt 0:00:01]} Ke4 {[%emt 0:00:00]} 55. Kf1 {[%emt 0:00:01]} Ne2 {[%emt 0:00:00]} 56. h4 {[%emt 0:00:01]} gxh4 {[%emt 0:00:01]} 57. gxh4 {[%emt 0:00:01]} Nf4 {[%emt 0:00:00]} 58. Nc2 {[%emt 0:00:00]} Bc5 {[%emt 0:00:00]} 59. Ne1 {[%emt 0:00:01]} Nd3 {[%emt 0:00:01]} 60. Nc2 {[%emt 0:00:01]} Nxf2 {[%emt 0:00:00]} 61. Ne1 {[%emt 0:00:01]} Ng4 {[%emt 0:00:00]} 62. Nc2 {[%emt 0:00:01]} Be3 {[%emt 0:00:00] Time Time Time (Lag: Av=1.20s, max=1.9s) (Lag: Av=1.20s, max=1.9s) (Lag: Av=1.20s, max=1.9s) . . .} 0-1

[Event "Stay Safe Play From Home 424"]
[Site "Emanuel Lasker Arena"]
[Date "2020.08.31"]
[Round "7"]
[White "Hickey"]
[Black "Lazieri3"]
[Result "0-1"]
[WhiteElo "2299"]
[BlackElo "2048"]
[PlyCount "82"]
[EventDate "2020.08.31"]
[EventType "swiss (blitz)"]

1. Nf3 {[%emt 0:00:02]} c6 {[%emt 0:00:00]} 2. g3 {[%emt 0:00:00]} d5 {[%emt 0:00:00]} 3. Bg2 {[%emt 0:00:00]} Nf6 {[%emt 0:00:00]} 4. O-O {[%emt 0:00:00]} Bf5 {[%emt 0:00:00]} 5. b3 {[%emt 0:00:00]} Qc8 {[%emt 0:00:01]} 6. Bb2 {[%emt 0:00:00]} Bh3 {[%emt 0:00:01]} 7. d3 {[%emt 0:00:01]} h5 {[%emt 0:00:01]} 8. Nbd2 {[%emt 0:00:01]} h4 {[%emt 0:00:01]} 9. Ne5 {[%emt 0:00:03]} hxg3 {[%emt 0:00:01]} 10. Ndf3 {[%emt 0:00:08]} gxh2+ {[%emt 0:00:07]} 11. Kh1 {[%emt 0:00:01]} Bxg2+ {[%emt 0:00:01]} 12. Kxg2 {[%emt 0:00:00]} Nbd7 {[%emt 0:00:04]} 13. Kh1 {[%emt 0:00:01]} Nxe5 {[%emt 0:00:01]} 14. Bxe5 {[%emt 0:00:00]} Qh3 {[%emt 0:00:01]} 15. Bg3 {[%emt 0:00:02]} e6 {[%emt 0:00:03]} 16. Qe1 {[%emt 0:00:01]} O-O-O {[%emt 0:00:02]} 17. Ng5 {[%emt 0:00:02]} Qh5 {[%emt 0:00:03]} 18. Qd2 {[%emt 0:00:03]} Bd6 {[%emt 0:00:01]} 19. e4 {[%emt 0:00:05]} Bxg3 {[%emt 0:00:02]} 20. fxg3 {[%emt 0:00:00]} dxe4 {[%emt 0:00:01]} 21. Qe3 {[%emt 0:00:02]} exd3 {[%emt 0:00:03]} 22. cxd3 {[%emt 0:00:00]} Rd5 {[%emt 0:00:03]} 23. Nf3 {[%emt 0:00:05]} Rhd8 {[%emt 0:00:02]} 24. Qxa7 {[%emt 0:00:01]} Rxd3 {[%emt 0:00:03]} 25. Qa8+ {[%emt 0:00:01]} Kc7 {[%emt 0:00:01]} 26. Qa5+ {[%emt 0:00:01]} Kb8 {[%emt 0:00:01]} 27. Rae1 {[%emt 0:00:04]} R8d5 {[%emt 0:00:06]} 28. Qb4 {[%emt 0:00:07]} Rxf3 {[%emt 0:00:01]} 29. Rxf3 {[%emt 0:00:02]} Qxf3+ {[%emt 0:00:00]} 30. Kxh2 {[%emt 0:00:00]} Qf2+ {[%emt 0:00:02]} 31. Kh3 {[%emt 0:00:01]} Rh5+ {[%emt 0:00:01]} 32. Qh4 {[%emt 0:00:00]} Rxh4+ {[%emt 0:00:00]} 33. gxh4 {[%emt 0:00:01]} Qxe1 {[%emt 0:00:00]} 34. Kg2 {[%emt 0:00:00]} Qe2+ {[%emt 0:00:01]} 35. Kg3 {[%emt 0:00:01]} Qe3+ {[%emt 0:00:00]} 36. Kg2 {[%emt 0:00:01]} e5 {[%emt 0:00:00]} 37. Kh1 {[%emt 0:00:00]} e4 {[%emt 0:00:00]} 38. Kg2 {[%emt 0:00:00]} Qe2+ {[%emt 0:00:01]} 39. Kh1 {[%emt 0:00:01]} Qf3+ {[%emt 0:00:00]} 40. Kg1 {[%emt 0:00:00]} e3 {[%emt 0:00:00]} 41. Kh2 {[%emt 0:00:01]} Qf2+ {[%emt 0:00:00] Time Time Time (Lag: Av=0.68s, max=1.4s) (Lag: Av=0.68s, max=1.4s) (Lag: Av=0.68s, max=1.4s)} 0-1

[Event "Stay Safe Play From Home 424"]
[Site "Emanuel Lasker Arena"]
[Date "2020.08.31"]
[Round "7"]
[White "Klasman"]
[Black "Omerseyman"]
[Result "0-1"]
[WhiteElo "1261"]
[BlackElo "1813"]
[Annotator "NA"]
[PlyCount "62"]
[EventDate "2020.08.31"]
[EventType "swiss (blitz)"]

1. f4 {[%emt 0:00:02]} c5 {[%emt 0:00:01]} 2. e4 {[%emt 0:00:01]} Nc6 {[%emt 0:00:00]} 3. e5 {[%emt 0:00:01]} d5 {[%emt 0:00:01]} 4. Nf3 {[%emt 0:00:01]} e6 {[%emt 0:00:01]} 5. c4 {[%emt 0:00:01]} d4 {[%emt 0:00:01]} 6. d3 {[%emt 0:00:01]} b6 {[%emt 0:00:01]} 7. Nbd2 {[%emt 0:00:02]} Bb7 {[%emt 0:00:00]} 8. Ne4 {[%emt 0:00:01]} Qd7 {[%emt 0:00:02]} 9. Be2 {[%emt 0:00:01]} f5 {[%emt 0:00:03]} 10. exf6 {[%emt 0:00:02]} Nxf6 {[%emt 0:00:01]} 11. Nfg5 {[%emt 0:00:02]} Nxe4 {[%emt 0:00:02]} 12. Nxe4 {[%emt 0:00:02]} Bd6 {[%emt 0:00:01]} 13. Bh5+ {[%emt 0:00:01]} g6 {[%emt 0:00:01]} 14. Qg4 {[%emt 0:00:02]} Kf7 {[%emt 0:00:03]} 15. f5 {[%emt 0:00:03]} exf5 {[%emt 0:00:01]} 16. Rf1 {[%emt 0:00:01]} Kg7 {[%emt 0:00:04]} 17. Qg3 {[%emt 0:00:13]} Bxg3+ {[%emt 0:00:04]} 18. Nxg3 {[%emt 0:00:01]} Rhe8+ {[%emt 0:00:02]} 19. Kd1 {[%emt 0:00:03]} gxh5 {[%emt 0:00:02]} 20. Nxf5+ {[%emt 0:00:02]} Kg6 {[%emt 0:00:01]} 21. Bd2 {[%emt 0:00:03]} Qxf5 {[%emt 0:00:01]} 22. Rxf5 {[%emt 0:00:01]} Kxf5 {[%emt 0:00:00]} 23. Kc2 {[%emt 0:00:01]} Ne5 {[%emt 0:00:01]} 24. Rf1+ {[%emt 0:00:01]} Kg6 {[%emt 0:00:01]} 25. h3 {[%emt 0:00:02]} Bxg2 {[%emt 0:00:01]} 26. Rg1 {[%emt 0:00:01]} Kf7 {[%emt 0:00:02]} 27. Rxg2 {[%emt 0:00:01]} Nf3 {[%emt 0:00:01]} 28. Rf2 {[%emt 0:00:01]} Rf8 {[%emt 0:00:02]} 29. Rxf3+ {[%emt 0:00:01]} Kg6 {[%emt 0:00:00]} 30. Rxf8 {[%emt 0:00:01]} Rxf8 {[%emt 0:00:01]} 31. h4 {[%emt 0:00:01]} Rf2 {[%emt 0:00:01] Time Time Time (Lag: Av=0.73s, max=3.3s) (Lag: Av=0.73s, max=3.3s) (Lag: Av=0.73s, max=3.3s)} 0-1

[Event "Stay Safe Play From Home 424"]
[Site "Emanuel Lasker Arena"]
[Date "2020.08.31"]
[Round "7"]
[White "KING o KONG"]
[Black "Haris kollari 13"]
[Result "0-1"]
[WhiteElo "983"]
[BlackElo "1731"]
[Annotator "NA"]
[PlyCount "60"]
[EventDate "2020.08.31"]
[EventType "swiss (blitz)"]

1. d3 {[%emt 0:00:03]} e6 {[%emt 0:00:00]} 2. e3 {[%emt 0:00:01]} d5 {[%emt 0:00:04]} 3. b3 {[%emt 0:00:01]} c5 {[%emt 0:00:01]} 4. Bb2 {[%emt 0:00:01]} Nc6 {[%emt 0:00:01]} 5. Be2 {[%emt 0:00:01]} Nf6 {[%emt 0:00:01]} 6. Qd2 {[%emt 0:00:01]} Be7 {[%emt 0:00:01]} 7. c3 {[%emt 0:00:01]} b5 {[%emt 0:00:01]} 8. Qc2 {[%emt 0:00:03]} a6 {[%emt 0:00:01]} 9. Nd2 {[%emt 0:00:01]} O-O {[%emt 0:00:01]} 10. Ngf3 {[%emt 0:00:01]} Bb7 {[%emt 0:00:01]} 11. Ng5 {[%emt 0:00:02]} h6 {[%emt 0:00:02]} 12. Ngf3 {[%emt 0:00:05]} Rc8 {[%emt 0:00:02]} 13. g3 {[%emt 0:00:01]} b4 {[%emt 0:00:01]} 14. c4 {[%emt 0:00:02]} d4 {[%emt 0:00:02]} 15. e4 {[%emt 0:00:01]} e5 {[%emt 0:00:02]} 16. Nh4 {[%emt 0:00:03]} Nd7 {[%emt 0:00:03]} 17. O-O-O {[%emt 0:00:03]} Bxh4 {[%emt 0:00:01]} 18. gxh4 {[%emt 0:00:03]} Qxh4 {[%emt 0:00:01]} 19. Nf3 {[%emt 0:00:03]} Qxf2 {[%emt 0:00:02]} 20. Rdf1 {[%emt 0:00:05]} Qe3+ {[%emt 0:00:01]} 21. Kb1 {[%emt 0:00:02]} a5 {[%emt 0:00:01]} 22. Bc1 {[%emt 0:00:01]} Qxc1+ {[%emt 0:00:07]} 23. Kxc1 {[%emt 0:00:02]} a4 {[%emt 0:00:00]} 24. Rfg1 {[%emt 0:00:01]} axb3 {[%emt 0:00:01]} 25. Qxb3 {[%emt 0:00:03]} Ra8 {[%emt 0:00:01]} 26. Rg2 {[%emt 0:00:01]} Ra3 {[%emt 0:00:01]} 27. Qb2 {[%emt 0:00:03]} Rfa8 {[%emt 0:00:01]} 28. Rhg1 {[%emt 0:00:02]} g6 {[%emt 0:00:01]} 29. Rxg6+ {[%emt 0:00:02]} fxg6 {[%emt 0:00:01]} 30. Rxg6+ {[%emt 0:00:01]} Kf7 {[%emt 0:00:00] TimeW TimeW TimeW} 0-1